000 01046nam a22003497a 4500
001 000027147
003 CHAP
005 20220329134809.0
008 971013s1976 r 00010 d
010 _a26101
011 _a27073
035 _a31174
040 _cCHAP
090 _aFolleto 7715
100 0 0 _aBurkle Elizondo, Jorge.
_916215
245 1 0 _aMethods for statistical description of multispectral digital images.
260 _aMéxico, D. F. :
_bCentro Científico IBM,
_c1976.
300 _a38 p.
490 1 _aCCAL-76
_v; 3
590 _aBATCH-UPD
_b10
_c20130110
_lUCH01
_h1653
590 _aBATCH-UPD
_b10
_c20130410
_lUCH01
_h1042
590 _aBATCH-UPD
_b10
_c20130914
_lUCH01
_h1432
590 _aCONVERSION
_b10
_c20130109
_lUCH01
_h1315
590 _aE5995AHE
_b05
_c20150204
_lUCH01
_h1341
650 1 4 _aFotografía aérea.
_942714
650 1 4 _aSensores remotos.
_9104427
830 0 _aCCAL-76
_v; 3
_920643
901 _aBK
942 _cFOLL
942 _n0
949 _aFolleto 7715
_bBC
_cFOLL
_d-72136
_eTS1
_i31174
_si
999 _c26101
_d26101